00234nam a22000977a 4500008004100000100001700041245004000058250000800098260002300106300000700129240110b |||||||| |||| 00| 0 eng d aBare Act EBC aBureau of Indian Standards Act 2016 a8th aLucknowbEBCc2023 a54